000 01019nam a22002897a 4500
005 20141029110248.0
008 141029s1982 nz a frb 001 0 eng d
020 _a9780070665910
020 _a0070665915
040 _aEG-ScBUE
082 0 0 _222
_a621.56
_bSTO
100 1 _aStoecker, W. F.
_q(Wilbert F.),
_d1925-
_936366
245 1 0 _aRefrigeration and air conditioning /
_cW. F. Stoecker, J. W. Jones.
250 _a2nd ed.,
_bMcGraw-Hill international ed.
260 _aAuckland, New Zealand :
_bMcGraw-Hill,
_c1982.
300 _axvi, 443 p. :
_bill. ;
_c21 cm.
490 0 _aMcGraw-Hill series in mechanical engineering
490 0 _aMcGraw-Hill mechanical technology series
500 _aIncludes indexes.
504 _aIncludes bibliographical references.
650 0 _aRefrigeration and refrigerating machinery
_95821
650 0 _aAir conditioning
_95822
653 _bENGMEC
_cOctober2014
655 _vreading book
_934232
700 1 _aJones, J. W.
_q(Jerold W.)
_936367
942 _2ddc
_k621.56 STO
999 _c18515
_d18487